| 000 | 00634nam a2200181Ia 4500 | ||
|---|---|---|---|
| 008 | 100917s9999 xx 000 0 und d | ||
| 082 | _b18136 | ||
| 100 | _aजोशी द. के. | ||
| 245 | _aहिंदुस्थानी संगीत पध्दती पु. 2 रे | ||
| 260 |
_b--- _c1929 |
||
| 300 | _a480 | ||
| 365 | _b2.5 | ||
| 520 | _aसंगीत | ||
| 630 | _aहिंदुस्थानी संगीत पध्दती पु. 2 रे | ||
| 650 | _aसंगीत | ||
| 730 | _aहिंदुस्थानी संगीत पध्दती पु. 2 रे | ||
| 942 | _cBOOK | ||
| 999 |
_c623530 _d623527 |
||